| 000 | 00000nam 2200000za 4500 |
| 001 | 9.854155 |
| 003 | CaOODSP |
| 005 | 20221107155011 |
| 007 | cr ||||||||||| |
| 008 | 180322s2018 quca ob f000 0 eng d |
| 020 | |a9780660259017 |
| 040 | |aCaOODSP|beng |
| 043 | |an-cn---|an-us--- |
| 086 | 1 |aEn14-320/2018E-PDF |
| 245 | 00|aU.S. Environmental Protection Agency significant new use rule (SNUR) programs and Environment and Climate Change Canada/Health Canada significant new activity (SNAc) provisions |h[electronic resource] : |ban educated primer intended to promote compliance / |cUnited States-Canada Regulatory Cooperation Council. |
| 260 | |a[Washington, D.C.] : |b[Environmental Protection Agency] ; |a[Ottawa] : |b[Government of Canada], |c2018. |
| 300 | |av, 33 p. : |bcol. ill. |
| 500 | |aIssued also in French under title: Programme de réglementation en matière de nouvelles utilisations importantes (SNUR) de l’Environmental Protection Agency (EPA) des États-Unis et dispositions relatives aux nouvelles activités (NAc) d’Environnement et changement climatique Canada (ECCC) et de Santé Canada (SC) : guide d’introduction visant à promouvoir la conformité. |
| 500 | |aCover title. |
| 500 | |a"April 2018." |
| 500 | |a"Prepared under contract GS-10F-0048X and contract EP-W-16-017." |
| 500 | |aIssued by: Environment and Climate Change Canada. |
| 500 | |aIssued also in HTML format. |
| 504 | |aIncludes bibliographical references. |
| 520 | |a"The purpose of this primer is to compile easy-to-use information for stakeholders potentially regulated under similar United States (U.S.) and Canadian requirements—Significant New Use Rules (SNURs) in the U.S. and Significant New Activity (SNAc) provisions in Canada. Information in this document will assist the regulated community in determining their compliance obligations, in engaging their supply chains in communication activities to facilitate compliance with SNUR and SNAc requirements"--Purpose, p. 1. |
| 692 | 07|2gccst|aChemicals |
| 692 | 07|2gccst|aToxic substances |
| 692 | 07|2gccst|aRegulations |
| 710 | 1 |aCanada. |bHealth Canada. |
| 710 | 1 |aUnited States. |bEnvironmental Protection Agency. |
| 710 | 2 |aCanada-United States Regulatory Cooperation Council. |
| 710 | 1 |aCanada. |bEnvironment and Climate Change Canada. |
| 775 | 08|tProgramme de réglementation en matière de nouvelles utilisations importantes (SNUR) de l’Environmental Protection Agency (EPA) des États-Unis et dispositions relatives aux nouvelles activités (NAc) d’Environnement et changement climatique Canada (ECCC) et de Santé Canada (SC) |w(CaOODSP)9.854156 |
| 856 | 40|qPDF|s3.67 MB|uhttps://publications.gc.ca/collections/collection_2018/eccc/En14-320-2018-eng.pdf |
| 856 | 4 |qHTML|sN/A|uhttps://www.canada.ca/en/environment-climate-change/services/evaluating-existing-substances/significant-new-use-rule-activity-provision.html |
| 986 | |a730-R-17-001 |